000 00409nam a22001217a 4500
999 _c6753
_d6753
008 200325b ||||| |||| 00| 0 eng d
100 _aThe United Republic of Tanzania
245 _aThe Economic Survey 2007
_cThe United Republic of Tanzania
_hEnglish
260 _aTanzania
_bThe Ministry of Finance and Economic Affairs
_c2008
300 _axxi, 208p
_bill
_c25cm
650 _2Economics
942 _2ddc
_cBOOKS